000 00908nmm a2200277 a 4500
001 ocm0001257123
003 TR-IsHL
005 20201028160404.0
008 150709s2015 tu tur
007 cr cn
020 _a9789753554480
035 _a1257123
_b(N$T)
050 0 4 _aPL248.B37
_bS4 2015
090 0 4 _aPL248.B37
_bS4 2015
100 1 _aBarbarosoğlu, Fatma Karabıyık
245 1 0 _aSenin hikayen: hikayeler
_h[electronic resource] /
_cFatma Karabıyık Barbarosoğlu
250 _a8. basım
260 _aİstanbul :
_bİz Yayıncılık,
_c2015
300 _a144 p.
650 4 _aDil ve Edebiyat
650 4 _aLanguage and Literature
650 0 _aKısa hikayeler, Türk
650 0 _aShort stories, Turkish
650 7 _aLITERARY COLLECTIONS / Middle Eastern
_2bisacsh
856 4 0 _uhttp://search.ebscohost.com/login.aspx?direct=true&scope=site&db=e011xww&AN=1257123
999 _c13576
_d13576